| 000 | 02306cam a22004574i 4500 | ||
|---|---|---|---|
| 003 | PE-LiUPU | ||
| 005 | 20250731173238.0 | ||
| 008 | 150616s1969 flua r 000 0 spa d | ||
| 035 | _a(Sirsi) a3517 | ||
| 040 |
_aPE-LiUPU _bspa _cPE-LiUPU _erda |
||
| 049 | _aPRUA | ||
| 082 | 0 | 4 |
_a241.6 _bS75 _221 |
| 100 | 1 |
_aSpitzer, Walter O., _eautor. |
|
| 245 | 1 | 3 | _aEl control de la natalidad desde el punto de vista protestante. |
| 264 | 1 |
_aFlorida : _bTyndale House Publishers, _c1969. |
|
| 300 |
_a273 páginas : _bilustraciones ; _c22 centímetros |
||
| 336 |
_atext _2rdacontent |
||
| 337 |
_aunmediated _2rdamedia |
||
| 338 |
_avolume _2rdacarrier |
||
| 505 | 0 | _aTextos del Antiguo Testamento relativos a estos problemas -- Textos del Nuevo Testamento relacionados con el control de la natalidad -- Relación entre el alma y el feto -- El feto según el cristianismo -- Indicaciones médicas en pro de la contracepción -- Indicaciones médicas en pro del aborto terapéutico y la esterilización -- Los contraceptivos y las personas solteras -- Consideraciones morales sobre la contracepción -- Esterilización del varón: Aspectos médicos, teológicos, sociales y personales -- Violación, incesto y embarazos repetidos de madres solteras como indicaciones en pro del aborto terapéutico -- Genética, sociedad y familia -- Resumen histórico: Puntos de vista y posición de la iglesia cristiana -- Origen del alma en lo relativo al problema del aborto. | |
| 526 | _aSEG42 | ||
| 526 | _aSEG41 | ||
| 526 | _aSEG40 | ||
| 526 | _aSEG39 | ||
| 526 | _aP94 | ||
| 526 | _aP87 | ||
| 526 | _aP86 | ||
| 526 | _aP85 | ||
| 526 | _aP77 | ||
| 526 | _aP76 | ||
| 526 | _aP35 | ||
| 650 | 0 | 4 | _aLimitación de los nacimientos (Aspecto religioso). |
| 700 | 1 | _aSaylor, Carlyle L. | |
| 910 |
_ajck _bjvq _cjck |
||
| 942 |
_2ddc _cBOOK |
||
| 949 |
_a241.6 S75 _wDEWEY _c1 _i15740 _lCCODEBUL1 _mBUL _p25.00 _r0 _sY _tBOOK _u19780510 _xTEOLOGIA _zUNKNOWN _0COMPRA _o.STAFF. Colección Teología |
||
| 994 |
_aC0 _bPEPRU |
||
| 596 | _a1 | ||
| 999 |
_a241.6 S75 _wDEWEY _c43107 _i15740 _d43107 _e2016-6-12 _f2021-11-10 _g5 _lCCODEBUL1 _mBUL _n1 _p25.00 _r0 _sY _tBOOK _u2015-6-16 _xTEOLOGIA _PP35 _0COMPRA _o.STAFF. Colección Teología |
||
| 980 |
_81 _gALBERTO SANCHEZ Responsable de Automatización |
||